Vista normal
Vista MARC
Entrada Personal Name
Número de registros utilizados en: 2
001 - CONTROL NUMBER
- control field: 54
003 - CONTROL NUMBER IDENTIFIER
- control field: DO-SdBNP
005 - DATE AND TIME OF LATEST TRANSACTION
- control field: 20161117105344.0
008 - FIXED-LENGTH DATA ELEMENTS
- fixed length control field: 161117|| aca||aabn | a|a d
040 ## - CATALOGING SOURCE
- Original cataloging agency: DO-SdBNP
100 1# - HEADING--PERSONAL NAME
- Personal name: Mariño, Ricardo,
- Dates associated with a name: 1956-
670 ## - SOURCE DATA FOUND
- Source citation: La casa maldita, 2006
- Information found: tomado de la portada
670 ## - SOURCE DATA FOUND
- Source citation: Imaginaria: revista quincenal de literatura infantil y juvenil, No. 1.1999.
- Information found: Autores. Mariño.
- Uniform Resource Identifier: http://www.imaginaria.com.ar/00/1/marino.htm